000 00568nam a2200217 i 4500
001 C2-0283474
003 PPAK
005 20180729000709.0
008 071114s2006 my |||| ||||| | may d
040 _aPPAK
_beng
_cPPAK
_erda
245 1 0 _aNana Tanjung
264 1 _aKuala Lumpur :
_bGrand Brilliant ,
_c2006
336 _2rdacontent
_atext
337 _2rdamedia
_aunmediated
338 _2rdacarrier
_avolume
500 _aVCD 2560/07
700 _eauthor
700 0 _aA.Razak Mohaideen,
_ecompile
700 0 _aAzahari Zain,
_eeditor
942 _2ddc
_cVCD
999 _c165552
_d165552